书目信息 |
| 题名: |
辩证唯物主义历史唯物主义讲授提纲
|
|
| 作者: | 曹祖思 编著 | |
| 分册: | ||
| 出版信息: | 不详 不详 1980.1 |
|
| 页数: | 182页 | |
| 开本: | 19cm | |
| 丛书名: | ||
| 单 册: | ||
| 中图分类: | B0-0 , B0 | |
| 科图分类: | ||
| 主题词: | 哲学理论 | |
| 电子资源: | ||
| ISBN: | ||
| 000 | 00570nam0 2200193 45 | |
| 001 | 1560867212 | |
| 005 | 20150129165514.47 | |
| 010 | @dCNY0.95 | |
| 100 | @a20810111d km y0chiy0120 ea | |
| 101 | 0 | @achi |
| 200 | 1 | @a辩证唯物主义历史唯物主义讲授提纲@ABian Zheng Wei Wu Zhu Yi Li Shi Wei Wu Zhu Yi Jiang Shou Ti Gang@FCao Zu Si Bian Zhu@f曹祖思编著 |
| 210 | @a不详@c不详@d1980.1 | |
| 215 | @a182页@d19cm | |
| 606 | 0 | @a哲学理论 |
| 690 | @aB0-0@v3 | |
| 690 | @aB0@v4 | |
| 701 | 0 | @a曹祖思@4编著 |
| 801 | @aCN@bTSTC@c19960820 | |
| 905 | @dB0@eJY51@f2@b26898-899@b26901@f1 | |
| 辩证唯物主义历史唯物主义讲授提纲/曹祖思编著.-不详:不详,1980.1 |
| 182页;19cm |
| ISBN :CNY0.95 |
| ● |
| 相关链接 |
|
|
|
|
正题名:辩证唯物主义历史唯物主义讲授提纲
索取号:B0/JY51
 
预约/预借
| 序号 | 登录号 | 条形码 | 馆藏地/架位号 | 状态 | 备注 |
| 1 | 7837590 | 278375900 | 学院路分馆/ [索取号:B0/JY51] | 在馆 |